Quizz Culture Générale N°7 - 30 questions - Statistiques

Statistiques générales
  • Ce quiz a été pris 196 fois
  • Le résultat moyen est 9 sur 30
Statistiques - réponses
Question Réponse % Correct
Comment appelle-t-on l'espace de libre déplacement en Europe, où le franchissement des frontières intérieures se fait sans contrôle ? Espace Schengen
72%
Comment appelle-t-on un roman qui est constitué d'échanges de lettres entre les personnages ? Roman épistolaire
69%
Quelle est la formule prononcée par un commissaire priseur lorsqu'il clôt une enchère ? Adjugé
64%
Dans quel pays se trouve la ville d'Abidjan ? Côte d'Ivoire
62%
Dans quelle ville fut représenté pour la première fois l'opéra "La flûte enchantée" de Wolfgang Amadeus Mozart ? Vienne
58%
Qui est l'interprète des chansons "Qui a le droit ?", "Casser la voix" ou encore "Alors regarde" ? Patrick Bruel
53%
De quelle ville américaine Al Capone est-il un gangster emblématique ? Chicago
48%
Quel facteur détermine si le groupe sanguin d'une personne est positif ou négatif ? Facteur rhésus
48%
Quel était le surnom de Guillaume 1er, Duc de Normandie et roi d'Angleterre au XIème siècle ? le Conquérant / le Bâtard / de Normandie
47%
Quelle est cette petite pâtisserie soufflée à base de pâte à choux et parsemée de perles de sucre ? Chouquettes
46%
Comment appelle-t-on, dans une ruche, les hexagones de cire servant à stocker le miel, le pollen et les larves d'abeilles ? L'alvéole
40%
Par quel nom connaît-on également la boxe française, alliant coups de poings et coups de pieds ? La savate
40%
Qui a gagné le tournoi de tennis de Wimbledon en 2025 ? Jannik Sinner
35%
Par quel nom composé désigne-t-on une personne ou un personnage qui a pour vocation de mettre en valeur une autre personne ? Faire-valoir
32%
Dans la série "Alf", qu'est-ce qu'Alf veut manger ? Le chat
32%
Quel personnage légendaire irlandais a donné son nom aux citrouilles lanternes d'Halloween ? Jack-o'-lantern
24%
De quel auteur fantastique américain Charles Baudelaire a-t-il traduit une grande partie de l'œuvre, contribuant à sa célébrité en France ? Edgar Allan Poe
23%
Quel terme latin, principalement utilisé en criminologie, désigne la manière de procéder d'une personne ou d'un groupe ? Modus operandi
23%
Qui a fondé la chaîne de restauration KFC ? Harland David Sanders / Colonel Sanders
21%
Quel peintre fait scandale en 1865 avec sa peinture "Olympia", représentant une prostituée nue regardant le spectateur, s'opposant alors aux conventions de l'époque ? Edouard Manet
19%
Quel personnage de bande dessinée, créé en 1969 par Roger Lécureux et André Chéret, vit ses aventures dans une préhistoire fictive ? Rahan
15%
Quel est le plus grand lac du monde ? Mer Caspienne
13%
Comment appelle-t-on, au cinéma, l'ensemble de travaux autour de la couleur, du contraste ou de la luminosité afin d'obtenir une image cohérente tout le long d'un film ? L'étalonnage
11%
Quel philosophe, représentant français du spiritualisme, a également écrit un ouvrage sur le sens de la comédie intitulé "Le Rire" ? Henri Bergson
10%
Dans la mythologie grecque, quel roi de Thèbes, ennemi de nombreux héros et héroïnes, est notamment connu pour avoir refusé d'enterrer son neveu Polynice ? Créon
7%
Quel explorateur est le premier européen connu à avoir découvert le continent américain, plus précisément une partie de l'actuel Canada ? Leif Erikson
7%
Quel minéral, formé à partir du composé chimique élémentaire SiO2, constitue 95% de la croûte terrestre ? Le silicate
5%
De quelle espèce animale est le myrmidon ? Fourmilier
3%
Dans la littérature médiévale, à quelle espèce de démon appartient le père de Merlin l'enchanteur ? Incube
3%
Qui a réalisé la première version du film "Scarface" ? Howard Hawks
2%
Aucun quiz correspondant
Distribution des résultats
% des personnes avec chaque résultat
Percentile par nombre de réponses
Votre historique - résultats
Vous n’avez pas pris ce quiz